Avengers Members quiz - Statistics

General Stats
  • This quiz has been taken 26 times
  • The average score is 33 of 106
Answer Stats
Powers / Abilities Real name Status First appearance Answer % Correct
Uses an Iron Suit that has the capabilities of flight and many different weapons, also has his high intelligence Tony Stark On Team Tales of Suspense #39 (December, 1962) Iron Man
92%
Enhanced through the Heart-Shaped Herb, giving him superhuman senses, enhanced speed, and enhanced strength T'Challa On Team Fantastic Four #52 (April, 1966) Black Panther
88%
Uses a Shield and a Wingsuit, can also connect with Avian lifeforms through telepathy Sam Wilson On Team Captain America #117 (June, 1969) Falcon / Captain America
88%
Reality warping powers, Chaos magic, and witchcraft Wanda Maximoff On Team X-Men #4 (January, 1964) Scarlet Witch
83%
Kree-Human Hybrid given the ability to fly, a seventh sense, super strength, and energy absorption Carol Danvers On Team Marvel Super-Heroes #13 (December, 1967) Captain Marvel
79%
Kree with psychokinesis, healing, photon energy blasts, invulnerability, and cosmic awareness Mar-Vell Deceased Marvel Super-Heroes #12 (October, 1967) Captain Marvel
79%
Has an alternate psyche inside himself that turns into a gamma monster when in control Bruce Banner Active Incredible Hulk #1 (March, 1962) Hulk
75%
Super-Soldier with super-strength, endurance, and agility, he is also a master tactician Steve Rogers Active Captain America Comics #1 (December, 1940) Captain America
71%
Gained superhuman strength and agility through a formula. Also uses a mechanical arm Bucky Barnes Thunderbolts Captain America Comics #1 (December, 1940) Captain America / The Winter Soldier
71%
Uses Pym Particles to shrink and grow Scott Lang Active Avengers #181 (December, 1978) Ant-Man
67%
Enhanced Physiology giving her the peak of human attributes like strength and speed, also a skilled martial artist and assassin Natalia Romanova Thunderbolts Tales of Suspense #52 (January, 1964) Black Widow
67%
Omega-Level Mutant with weather manipulation powers Ororo Munroe On Team Giant-Size X-Men #1 (April, 1975) Storm
67%
No superpowers but has exceptional aim with a bow and arrow Clint Barton Active Tales of Suspense #57 (June, 1964) Hawkeye
63%
No superpowers but is proficient with a bow and arrow Kate Bishop Active Young Avengers #1 (February, 2005) Hawkeye
63%
Powers of a god, weather control, and wields a magic hammer N/A Thor Corps Venus #11 (July, 1950) Thor
63%
Asgardian abilities including superhuman abilities, mystical teleportation, death perception, and flight Jane Foster Thor Corps Journey Into Mystery #84 (July, 1962) Valkyrie / Thor
63%
Mutant with two mutations, superhuman strength, agility, and senses, and animal-like features Hank McCoy Deceased X-Men #1 (July, 1963) Beast
54%
Uses sorcery and black magic Stephen Strange Active Strange Tales #110 (April, 1963) Doctor Strange
54%
Bitten by a spider giving him spider-like powers, electricity generation, venom blasts, camouflage, and regeneration Miles Morales Spider-Society Ultimate Fallout #4 (August, 2011) Spider-Man
54%
Bitten by a spider giving spider-like abilities Peter Parker Spider-Society Amazing Fantasy #15 (June, 1962) Spider-Man
54%
When on the team shared many of the Spider-Like powers of the Spider-Society members Otto Octavius Sinister Six Amazing Spider-Man #3 (April, 1963) Spider-Man / Doctor Octopus
54%
Uses Pym Particles in tandem with her flying suit Janet Van Dyne Active Tales to Astonish #44 (March, 1963) Wasp
50%
Size alteration, and bio-electric blasts Nadia Van Dyne Active Free Comic Book Day 2016 (Civil War II) #1 (May, 2016) Wasp / Wicked Wasp
50%
Mutant with regenerative abilities, bone claws, bones molded with adamantium, and animalistic abilities like enhanced senses James Howlett X-Men Incredible Hulk #180 (July, 1974) Wolverine
50%
Gained light manipulation and force fields gained by cosmic rays Sue Storm Fantastic Four Fantastic Four #1 (August, 1961) Invisible Woman
46%
Telepathy, Empathy, Astral Projection, Plant Manipulation, Pyrokinesis, Precognition, and Regeneration Brandt Guardians of the Galaxy Avengers #112 (March, 1973) Mantis
42%
Superhuman Speed Pietro Maximoff Active X-Men #4 (January, 1964) Quicksilver
42%
Transformation into a gamma monster at will Thaddeus Ross Active Incredible Hulk #1 (March, 1962) Red Hulk
42%
Enhanced by chemicals, retroactive immortality, materialization, biokinesis, resurrection, Superhuman abilities, flight, invulnerability, teleportation, and much more Robert Reynolds Deceased Sentry #1 (July, 2000) Sentry
42%
Regeneration, Ten Rings, and Psionic abilities N/A Thunderbolts, Five Weapons Society Special Marvel Edition #15 (September, 1973) Shang-Chi
42%
Synthezoid with superhuman intelligence, density manipulation, flight, and solar radiation absorption N/A On Team Avengers #57 (August, 1968) Vision
42%
Vampire-Human hybrid who uses a sword and magic Eric Brooks Active Tomb of Dracula #10 (April, 1973) Blade
38%
Physiology enhanced by Chi, Energy absorption, and a master of martial arts Danny Rand Deceased Marvel Premiere #15 (February, 1974) Iron Fist
38%
No superpowers, uses an iron mechanical suit many weapon attachments James Rhodes West Coast Avengers Iron Man #118 (October, 1978) War Machine
38%
Superhuman abilities, pyrokinesis, chain manifestation, vehicle possession, and Penance Stare Robbie Reyes Spirits of Vengeance All-New Ghost Rider #1 (March, 2014) Ghost Rider
33%
Mutant-Inhuman hybrid with elongation, size alteration, healing, and hardlight constructs Kamala Khan Champions Captain Marvel (Vol. 7) #14 (July, 2013) Ms. Marvel
33%
Sand Body and Sand Manipulation William Baker Sinister Six Amazing Spider-Man #4 (June, 1963) Sandman
33%
No powers, but is skilled with swords and medieval equipment Dane Whitman Savage Avengers Avengers #47 (October, 1967) Black Knight
29%
Gains his power from an interdimensional energy, granting him superhuman attributes and flight Brian Braddock Excalibur Captain Britain #1 (October, 1976) Captain Britain / Captain Avalon
29%
Photographic reflexes and master martial artist Maya Lopez Daughters of Liberty Daredevil (Vol. 2) #9 (May, 1999) Echo / Phoenix / Ronin
29%
Mutant-Atlantean hybrid born with winged feet, superhuman attributes, aquatic healing, underwater breathing, and aquatic telepathy N/A Atlantis Motion Picture Funnies Weekly #1 (April, 1939) Namor
29%
Wears a helmet that grants him access to the Nova Force Sam Alexander Champions Nova (Vol. 5) #1 (February, 2013) Nova
29%
Given superhuman strength and invulnerability by a prison experiment Luke Cage Defenders Hero for Hire #1 (March, 1972) Powerman
29%
Transforms into a Gamma Monster Jennifer Walters Active Savage She-Hulk #1 (November, 1979) She-Hulk
29%
Spider-like abilities, web-gliders, venom blasts, and slowed aging Jessica Drew West Coast Avengers, Spider-Society Marvel Spotlight #32 (November, 1976) Spider-Woman / Arachne
29%
No superpowers, but used a suit that allowed her to shrink and grow, fly, use energy projection, and superhuman strength Rita DeMara Deceased Avengers #264 (November, 1985) Yellowjacket
29%
Formerly possessed hulk-like powers. now has enhanced learning and can use Destiny Force Rick Jones Active Incredible Hulk #1 (March, 1962) A-Bomb / Sleeper Agent
25%
Uses a white symbiote and many different firearms Flash Thompson Savage Avengers Amazing Fantasy #15 (June, 1962) Agent Venom
25%
Olympian-Human hybrid with god-like abilities N/A Guardians of the Galaxy Young Allies #16 (May, 1945) Hercules
25%
Has an Energy Form which lets her control light waves, flight, intangibility, energy absorption, size alteration, and magnetism manipulation Monica Rambeau Active Amazing Spider-Man Annual #16 (August, 1982) Photon
25%
Mutant with Solar Radiation powers Bobby Da Costa New Mutants Marvel Graphic Novel #4 (September, 1982) Sunspot
25%
Feline-like abilities, superhuman abilities, and empathy Greer Nelson Midnight Mission The Cat #1 (August, 1972) Tigra
25%
Mutant with the power to launch himself in any direction which grants him invulnerability while in use Samuel Guthrie X-Men Marvel Graphic Novel #4 (September, 1982) Cannonball
21%
Can manipulate the four elements and matter Crystalia Amaquelin Inhumans Fantastic Four #45 (September, 1965) Crystal
21%
Uses Pym particles to shrink and grow Hank Pym Lethal Legion Tales to Astonish #27 (September, 1961) Giant-Man
21%
Superhuman abilities, psionic abilities, and demonic empowerment Patricia Walker Active Avengers #144 (November, 1975) Hellcat
21%
Plasticity powers gained by cosmic rays, he also has superhuman intellect Reed Richards Fantastic Four Fantastic Four #1 (August, 1961) Mister Fantastic
21%
Superhuman abilities gained by Infinity Formula alongside immortality Bobbi Morse Daughters of Liberty Astonishing Tales #12 (March, 1972) Mockingbird
21%
Enhanced physical capabilities, vibration manipulation, and Psi-Shields Daisy Johnson Active Secret War #2 (May, 2004) Quake
21%
Quantum Energy, shapeshifting, energy projection, and superhuman abilities Wendell Vaughn Guardians of the Galaxy Captain America #217 (October, 1977) Quasar / Marvel Boy
21%
Eternal abilities, telekinesis, matter transmutation, and teleportation N/A Deceased Venus #1 (May, 1948) Sersi
21%
Eternal abilities, Psionic abilities, teleportation, cosmic energy, immortality, control of gravitons, and more Eros Eternal of Titan Iron Man #55 (October, 1972) Starfox
21%
No superpowers but extremely skilled with a sword Jacques DuQuesne Deceased Avengers #19 (June, 1965) Swordsman
21%
Ionic Energy Form which grants him superhuman abilities, invulnerability, flight, immortality, energy manipulation, and more Simon Williams Active Avengers #9 (August, 1964) Wonder Man
21%
Uni-Vision and Matter/Energy manipulation Tamara Devoux Inactive Avengers (Vol. 5) #1 (December, 2012) Captain Universe
17%
11 times stronger and 11 times denser than a normal human being N/A Guardians of the Galaxy Marvel Super-Heroes #18 (October, 1968) Charlie-27
17%
Uses magic and psychic powers Anthony Druid A.I.M. Amazing Adventures #1 (March, 1961) Doctor Druid
17%
Uses Voodoo magic Jericho Drumm Midnight Sons, Savage Avengers Strange Tales #169 (June, 1973) Doctor Voodoo
17%
Fire manipulation, flight, immortality, and can sense evil Bonita Juarez Rangers Incredible Hulk #265 (August, 1981) Firebird
17%
Mutant with the ability to tap into the earth's electromagnetic fields and microwave manipulation Angelica Jones West Coast Avengers Uncanny X-Men #193 (February, 1985) Firestar
17%
Eternal abilities, molecular manipulation, and illusions Unknown Active Eternals #13 (April, 1977) Gilgamesh
17%
Eternal abilities, multiple different types of vision, cosmic-energy manipulation, and a regenerative-healing factor Marcus Milton Active Avengers (Vol. 5) #1 (December, 2012) Hyperion
17%
No superpowers but a highly trained agent N/A S.H.I.E.L.D. New Avengers #4 (March, 2005) Maria Hill
17%
Telepathy, Telekinesis, and a dragon form Heather Douglas Guardians of the Galaxy Iron Man #54 (October, 1972) Moondragon
17%
Superhuman abilities Ravonna Renslayer Deceased Avengers #23 (October, 1965) Nebula / Terminatrix
17%
Formerly used the Phoenix Force Kyle Richmond Active Avengers (Vol. 8) #10 (November, 2018) Nighthawk
17%
Arcturian with Light Manipulation, phasing, and flight powers Aleta Ogord Guardians of the Galaxy Defenders #29 (August, 1975) Starhawk
17%
Superhuman abilities, light generation and manipulation, flight, precognition, and intangibility Stakar Ogord Guardians of the Galaxy Defenders #27 (June, 1975) Starhawk
17%
No superpowers but skilled with firearms and cowboy skills Matthew Hawk Deceased Two-Gun Kid #60 (August, 1962) Two-Gun Kid
17%
Empathy, and superhuman abilities alongside his skill with a bow and arrow N/A Deceased Marvel Super-Heroes #18 (October, 1968) Yondu
17%
She has a Gas Body, Mind Control, Essence Reading, and Self-sustenance N/A Deceased Avengers (Vol. 5) #1 (December, 2012) Abyss
13%
Life-Force Absorption and Power Amplification powers Cressida Inactive Avengers (Vol. 7) #2.1 (December, 2016) Avenger X
13%
Superhuman attributes, flight, force field, and energy blasts Kelsey Leigh Inactive Avengers (Vol. 3) #77 (January, 2004) Captain Birtain / Lionheart
13%
Vampire powers alongside his expert combat skills Dennis Dunphy Active Thing #28 (June, 1985) Demolition Man
13%
Emits radiation which can be used as blasts, also can emit light Jennifer Takeda Avengers Academy Avengers Academy #1 (June, 2010) Hazmat
13%
Zero-Energy blasts, Flight, superhuman abilities, and enhanced by the scanalyzer Jonathan Hart Active Deadly Hands of Kung Fu #22 (February, 1976) Jack of Hearts
13%
Computer Integration, energy manipulation, technoforming, flight, and can spread her consciousness to multiple bodies N/A Active Avengers #162 (May, 1977) Jocasta
13%
Robotic form and a Sentinel Aaron Stack Active 2001, A Space Odyssey (Vol. 2) #8 (April, 1977) Machine Man
13%
Spider powers, Superhuman abilities, psionic powers, precognition, and astral projection Julia Carpenter Spider-Society Marvel Super Heroes Secret Wars #6 (June, 1984) Madame Web
13%
Superhuman abilities, flight, matter manipulation, and energy manipulation Kevin Connor Deceased Avengers (Vol. 5) #7 (March, 2013) Starbrand
13%
Cosmic energy manipulation, flight, energy blasts, power bestowal, age acceleration Brandy Selby Deceased Avengers (Vol. 8) #30 (January, 2020) Starbrand
13%
Uses a suit grants him superhuman abilities, underwater traversal, and sonar Walter Newell Active Tales to Astonish #95 (June, 1967) Stingray
13%
Superhuman abilities, and Tri-Force vision Delroy Garret, Jr. Active Avengers (Vol. 3) #8 (July, 1998) Triathlon / 3-D Man
13%
Hyper-Speed, Adaptive physiology, and superhuman strength Bob Frank Deceased U.S.A. Comics #1 (April, 1941) Whizzer
13%
Plant manipulation, energy blasts, and organic manipulation N/A Deceased Avengers (Vol. 5) #1 (December, 2012) Ex Nihilo
8%
Matter manipulation Dennis Sykes Deceased Heroic Age: One Month to Live #1 (September, 2010) Flux
8%
Psychokinesis, force field, and concussive blasts Vance Astrovik New Warriors Giant-Size Defenders #5 (April, 1975) Justice
8%
Mutant who can communicate directly with the universe itself, teleportation, portal creation, invisibility, and reality connection Eden Fesi Inactive Secret Warriors #4 (May, 2009) Manifold
8%
Plodex-Human Hybrid gives her amphibian abilities, superhuman abilities, and a leviathan form N/A Alpha Flight Alpha Flight #1 (May, 1983) Marrina
8%
Empathic bio-duplication Whitney Frost Deceased Iron Man #320 (August, 1995) Masque
8%
Can control machines, create portals, make energy blasts, and create holographs Adam Blackveil Active Avengers (Vol. 5) #3 (January, 2013) Nightmask
8%
Shapeshifting powers Maria Lupe Santiago Active Avengers (Vol. 3) #8 (July, 1998) Silverclaw
8%
No superpowers, but uses Shi'ar technology Isabel Kane Shi'ar Imperial Guard Avengers (Vol. 5) #1 (December, 2012) Smasher
8%
Transformation, superhuman abilities, and allspeak Eric Masterson Deceased Thor #391 (January, 1988) Thunderstrike
8%
A sentient city with the power to create portals N/A On Team Avengers (Vol. 9) #3 (July, 2023) Impossible City
4%
Superhuman abilities, retractable claws, and Avian-like abilities Sharra Neramani Deceased Avengers #363 (April, 1993) Lifecry
4%
No matching quizzes found
Score Distribution
Percent of People with Each Score
Percentile by Number Answered
Your Score History
You have not taken this quiz